Fair play /

Saved in:
Bibliografiske detaljer
Hovedforfatter: Jansson, Tove
Andre forfattere: De Marco, Katia (Editor), Smith, Ali (Author of afterword, colophon, etc.)
Format: Bog
Sprog:italiensk
Udgivet: Milano : Iperborea, 2017
Udgivelse:2. ed
Serier:Iperborea ; 274
Tags: Tilføj Tag
Ingen Tags, Vær først til at tagge denne postø!

MARC

LEADER 00000nam a2200000 i 4500
001 IT\ICCU\UBO\4223630
003 ItRI
005 20260115232137.0
008 170202s2017 it |||||| ||||| |||||c
015 |2 IT  |a 2017-9523 
020 |a 9788870914740 
040 |b ita  |c importazione bologna sebina 
041 7 |a ita  |2 ISO-639-2 
082 |a 839.7374  |9 NARRATIVA SVEDESE. 1945-1999  |2 23 
100 1 |a Jansson, Tove  |0 IT\ICCU\CFIV\094155 
240 1 0 |a Rent spel.  |3 IT\ICCU\TO0\1826717  |9 Jansson, Tove 
245 1 0 |a Fair play /  |c Tove Jansson ; a cura di Katia De Marco ; postfazione di Ali Smith. 
250 |a 2. ed 
260 |a Milano :  |b Iperborea,  |c 2017 
300 |a 148 p. ;  |c 20 cm 
700 1 |a De Marco, Katia  |0 IT\ICCU\MILV\158453  |4 edt 
700 1 |a Smith, Ali  |0 IT\ICCU\UBOV\696092  |4 aft 
790 1 |a De Marco, Catia  |3 IT\ICCU\CFIV\351296  |z De Marco, Katia 
790 1 |a Marco, Katia : de  |3 IT\ICCU\LO1V\418217  |z De Marco, Katia 
830 0 |a Iperborea ;  |v 274  |0 IT\ICCU\CFI\0169909 
942 |2 ddc  |c BK  |n 0 
952 |0 0  |1 0  |4 0  |6 L_839_737000000000000_JAN  |7 0  |9 20809  |a BO  |b BO  |d 2026-01-15  |i 18768  |l 0  |o L 839.737 JAN  |p BO18768  |r 2026-01-15 23:21:37  |w 2026-01-15  |x [Sebina 5] [1 v.]  |y BK  |z 1 v. 
999 |c 17784  |d 17784